|
|
|
|
| LEADER |
00000nam0a2200000 4500 |
| 001 |
287728 |
| 005 |
20231102000022.0 |
| 020 |
|
|
|a RU
|b 85-62289
|
| 035 |
|
|
|a (RuTPU)RU\TPU\book\312156
|
| 090 |
|
|
|a 287728
|
| 100 |
|
|
|a 20150318d1985 k y0rusy5003 ca
|
| 101 |
0 |
|
|a rus
|
| 102 |
|
|
|a UZ
|
| 105 |
|
|
|a a z 101zy
|
| 200 |
1 |
|
|a Генезис, просадочность лессовых пород и методы их изучения
|e труды Всесоюзного совещания по проблемам лессовых пород, 1980 г.
|f Академия наук Узбекской ССР (АН УзССР), Институт сейсмологии ; под ред. Г. А. Мавлянова
|
| 210 |
|
|
|a Ташкент
|c Фан
|d 1985
|
| 215 |
|
|
|a 311 с.
|c ил.
|
| 320 |
|
|
|a Библиогр. в конце докл.
|
| 606 |
1 |
|
|a Инженерно-геологические исследования
|x Сейсмические методы
|2 stltpush
|3 (RuTPU)RU\TPU\subj\12585
|9 39347
|
| 610 |
1 |
|
|a грунтоведение
|
| 610 |
1 |
|
|a лессовые породы
|
| 610 |
1 |
|
|a просадочность
|
| 610 |
1 |
|
|a генезис
|
| 610 |
1 |
|
|a проектирование
|
| 610 |
1 |
|
|a лессовые грунты
|
| 610 |
1 |
|
|a палеогеография
|
| 610 |
1 |
|
|a инженерно-сейсмические исследования
|
| 610 |
1 |
|
|a типизация
|
| 610 |
1 |
|
|a материалы совещания
|
| 675 |
|
|
|a 624.131.32(063)
|v 3
|
| 702 |
|
1 |
|a Мавлянов
|b Г. А.
|g Гани Арифханович
|4 340
|
| 712 |
0 |
2 |
|a Академия наук Узбекской ССР (АН УзССР)
|b Институт сейсмологии
|2 stltpush
|3 (RuTPU)RU\TPU\col\12809
|
| 712 |
1 |
2 |
|a Генезис, просадочность лессовых пород и методы их изучения
|c совещание
|e Ташкент
|f 1980
|4 570
|
| 801 |
|
0 |
|a RU
|b RuMRKP
|c 19950704
|g psbo
|
| 801 |
|
1 |
|a RU
|b 63413507
|c 20150318
|
| 801 |
|
2 |
|a RU
|b 63413507
|c 20171121
|g RCR
|
| 942 |
|
|
|c BK
|